000 00829nam a2200277 i 4500
001 866937
003 OSt
005 20170302181348.0
008 800604s1980 maua b 001 0 eng
010 _a 79092205
020 _a0316354538
040 _aDLC
_cDLC
_dDLC
050 0 0 _aRT86
_b.H43 1980
082 _aWY 100
_bH365c 1980
100 1 _aHein, Eleanor C.
_911737
245 1 0 _aCommunication in nursing practice /
_cEleanor C. Hein.
250 _a2d ed.
260 _aBoston :
_bLittle, Brown,
_c1980.
300 _axiii, 311 p. :
_bill. ;
_c24 cm.
504 _aIncludes bibliographies and index.
650 0 _aNurse and patient.
_911649
650 0 _aCommunication in nursing.
_911738
650 0 _aInterpersonal communication.
_910023
906 _a7
_bcbc
_corignew
_d2
_eopcn
_f19
_gy-gencatlg
942 _2z
_cO_SHELF
999 _c5628
_d5628